书目信息 |
| 题名: |
玛雅文明
|
|
| 作者: | 冯慧娟 编 | |
| 分册: | ||
| 出版信息: | 长春 吉林出版集团有限责任公司 2015.1 |
|
| 页数: | 157页 | |
| 开本: | 22cm | |
| 丛书名: | 全民阅读·经典小丛书 | |
| 单 册: | ||
| 中图分类: | K731.2 | |
| 科图分类: | ||
| 主题词: | 玛雅文化--Ma Ya Wen Hua--通俗读物 | |
| 电子资源: | ||
| ISBN: | 978-7-5534-7784-8 | |
| 000 | 00899nam 2200241 450 | |
| 001 | 2370080615 | |
| 005 | 20231109142054.26 | |
| 010 | @a978-7-5534-7784-8@dCNY32.00 | |
| 100 | @a20160614d2015 em y0chiy50 ea | |
| 101 | 0 | @achi |
| 102 | @aCN@b220000 | |
| 105 | @aa z 000yy | |
| 200 | 1 | @a玛雅文明@AMa Ya Wen Ming@f冯慧娟编 |
| 210 | @a长春@c吉林出版集团有限责任公司@d2015.1 | |
| 215 | @a157页@c图@d22cm | |
| 225 | 2 | @a全民阅读·经典小丛书@AQuan Min Yue Du·Jing Dian Xiao Cong Shu@v080 |
| 330 | @a本书参考了大量的史料和考古文献,详细介绍了玛雅文明的方方面面,具体内容包括:叩问丛林——玛雅文明寻踪;千年一梦——玛雅兴衰史等。 | |
| 410 | 0 | @12001 @a全民阅读·经典小丛书@AQuan Min Yue Du·Jing Dian Xiao Cong Shu@v080 |
| 606 | 0 | @a玛雅文化@AMa Ya Wen Hua@j通俗读物 |
| 690 | @aK731.2@v5 | |
| 701 | 0 | @a冯慧娟@AFeng Hui Juan@4编 |
| 801 | 0 | @aCN@b山东中教@c20230926 |
| 905 | @aBZT@dK731.2@e4 | |
| 玛雅文明/冯慧娟编.-长春:吉林出版集团有限责任公司,2015.1 |
| 157页:图;22cm.-(全民阅读·经典小丛书;080) |
| ISBN 978-7-5534-7784-8:CNY32.00 |
| 本书参考了大量的史料和考古文献,详细介绍了玛雅文明的方方面面,具体内容包括:叩问丛林——玛雅文明寻踪;千年一梦——玛雅兴衰史等。 |
| ● |
| 相关链接 |
|
|
|
正题名:玛雅文明
索取号:K731.2/4
 
预约/预借
| 序号 | 登录号 | 条形码 | 馆藏地/架位号 | 状态 | 备注 |
| 1 | 2000951313 | 2000951313 | 第四书库/四33架B面5层6列/ [索取号:K731.2/4] | 在馆 | |
| 2 | 2000951314 | 2000951314 | 第四书库/四33架B面5层6列/ [索取号:K731.2/4] | 在馆 | |
| 3 | 2000951315 | 2000951315 | 第四书库/四33架B面5层6列/ [索取号:K731.2/4] | 在馆 | |
| 4 | 2000951316 | 2000951316 | 第四书库/四33架B面5层6列/ [索取号:K731.2/4] | 在馆 | |
| 5 | 2000951317 | 2000951317 | 第四书库/四33架B面5层6列/ [索取号:K731.2/4] | 在馆 | |
| 6 | 2000951318 | 2000951318 | 第四书库/四33架B面5层6列/ [索取号:K731.2/4] | 在馆 |